[Event "Sicilian Accelerated Dragon Tournament"]
[Site "SchemingMind.com"]
[Date "2009.09.14"]
[Round "-"]
[White "jtrochez1"]
[Black "echecs"]
[Result "0-1"]
[WhiteCountry "HON"]
[BlackCountry "ENG"]
[WhiteElo "1538"]
[WhiteRD "49"]
[BlackElo "1799"]
[BlackRD "64"]
[GameID "219660"]

1. e4 c5 2. Nf3 Nc6 3. d4 cxd4 4. Nxd4 g6 5. Nxc6 bxc6 6. Bd2 Bg7 7. c3 Bb7 8. Be2 Nf6 9. Bf3 O-O 10. O-O Rb8
11. Qc1 e5 12. Bg5 Qb6 13. Be3 Qa5 14. b4 Qa6 15. Qc2 Ba8 16. a4 Qb7 17. Bc5 Rfe8 18. Nd2 d6 19. Bxd6 Rbd8 20. Bc5 Nd7
21. Nc4 Nxc5 22. bxc5 Re7 23. Nd6 Qc7 24. Rfd1 Bf8 25. Nc4 Red7 26. Nd6 Qa5 27. Qb3 Bxd6 28. cxd6 Rxd6 29. Rxd6 Rxd6 30. Qb8+ Rd8
31. Qb4 Qc7 32. Rd1 Re8 33. a5 Rb8 34. Qa3 Rb5 35. Ra1 c5 36. g3 c4 37. Qc1 Rxa5 38. Kg2 Rxa1 39. Qxa1 Qb6 40. Qa4 Bc6
41. Qa2 Bb5 42. Bd1 a6 43. Ba4 Qa5 44. Qa3 Bxa4 45. f3 Qb5 46. Qe7 Qe8 47. Qxe8+ Bxe8 48. Kf2 a5 49. Ke2 a4 50. Kd2 a3
51. Kc1 Ba4 52. f4 f6 53. fxe5 fxe5 54. Kb1 Bb3 55. h4 h5 56. Ka1 Kf7 57. Kb1 Kf6
0-1

[Event "Sicilian Accelerated Dragon Tournament"]
[Site "SchemingMind.com"]
[Date "2009.09.14"]
[Round "-"]
[White "jtrochez1"]
[Black "chessleon"]
[Result "0-1"]
[WhiteCountry "HON"]
[BlackCountry "NED"]
[WhiteElo "1538"]
[WhiteRD "49"]
[BlackElo "1511"]
[BlackRD "81"]
[GameID "219661"]

1. e4 c5 2. Nf3 Nc6 3. d4 cxd4 4. Nxd4 g6 5. Nxc6 bxc6 6. Bd2 Bg7 7. c3 d5 8. exd5 cxd5 9. Be2 Nf6 10. O-O O-O
11. Bf3 Ba6 12. Re1 e6 13. Bg5 h6 14. Bxf6 Bxf6 15. Nd2 Rb8 16. Nb3 Bg7 17. Qc1 Bc4 18. Bd1 Bxb3 19. Bxb3 a5 20. Ba4 Qb6
21. b3 d4 22. c4 d3 23. Rb1 Rfd8 24. Qd2 Bd4 25. Rf1 e5 26. a3 e4 27. Kh1 e3 28. fxe3 Bxe3 29. Qd1 d2 30. b4 axb4
31. Rxb4 Qd4 32. Bb5 Qc3 33. Rb3 Qd4 34. Rf3 Bg5 35. a4 Qe4 36. Rf1 Rd3 37. Rxd3 Qxd3 38. c5 Qc3 39. Qb1 Qc1 40. c6 Rd8
41. h4 Qxb1 42. Rxb1 d1=Q+ 43. Rxd1 Rxd1+ 44. Kh2 Bxh4 45. Be2 Rc1 46. Bf3 Bd8
0-1

[Event "Sicilian Accelerated Dragon Tournament"]
[Site "SchemingMind.com"]
[Date "2009.09.19"]
[Round "-"]
[White "jtrochez1"]
[Black "Schaakmaatje"]
[Result "0-1"]
[WhiteCountry "HON"]
[BlackCountry "NED"]
[WhiteElo "1538"]
[WhiteRD "49"]
[BlackElo "1736"]
[BlackRD "50"]
[GameID "219662"]

1. e4 c5 2. Nf3 Nc6 3. d4 cxd4 4. Nxd4 g6 5. Nxc6 bxc6 6. Bc4 Bg7 7. c3 d6 8. Nd2 Nh6 9. h3 d5 10. Bd3 e6
11. O-O O-O 12. Kh1 f5 13. f3 a5 14. Qe1 Ba6 15. Bxa6 Rxa6 16. Nb3 Re8 17. Qf2 a4 18. Nc5 Ra8 19. Bxh6 Bxh6 20. e5 Qb6
21. Nd7 Qxf2 22. Rxf2 Kf7 23. Nf6 Red8 24. Nxh7 Be3 25. Re2 d4 26. cxd4 Bxd4 27. f4 a3 28. Ng5+ Ke7 29. Nf3 Bxb2 30. Rb1 Rd3
31. Ne1 Rd5 32. Nc2 Ra4 33. Ne3 Rd3 34. Nd1 Bd4 35. Nf2 Bxf2 36. Rxf2 c5 37. Rc2 Rb4 38. Rcc1 Rb2 39. Kh2 Rxb1 40. Rxb1 Rc3
41. Kg1 Rc2 42. Kh2 Rxa2 43. Rb7+ Kd8 44. Rb1 Rb2
0-1

[Event "Sicilian Accelerated Dragon Tournament"]
[Site "SchemingMind.com"]
[Date "2009.09.17"]
[Round "-"]
[White "jtrochez1"]
[Black "Black Knight"]
[Result "0-1"]
[WhiteCountry "HON"]
[BlackCountry "USA"]
[WhiteElo "1538"]
[WhiteRD "49"]
[BlackElo "1455"]
[BlackRD "68"]
[GameID "219663"]

1. e4 c5 2. Nf3 Nc6 3. d4 cxd4 4. Nxd4 g6 5. Nxc6 bxc6 6. Bc4 d5 7. exd5 Bb7 8. Nc3 Bg7 9. O-O Nf6 10. Be3 Nxd5
11. Nxd5 cxd5 12. Be2 O-O 13. c3 d4 14. cxd4 Qd5 15. Bf3 Qd7 16. Bxb7 Qxb7 17. Rb1 Rad8 18. b3 f5 19. f4 Rd7 20. Rc1 Rfd8
21. Rc4 Qb6 22. Kh1 Bxd4 23. Bxd4 Rxd4 24. Rxd4 Rxd4 25. Qc1 Qd8 26. g3 Kf7 27. a4 Qd5+ 28. Kg1 Rd2
0-1

[Event "Sicilian Accelerated Dragon Tournament"]
[Site "SchemingMind.com"]
[Date "2009.09.17"]
[Round "-"]
[White "jtrochez1"]
[Black "alvaro"]
[Result "0-1"]
[WhiteCountry "HON"]
[BlackCountry "URU"]
[WhiteElo "1538"]
[WhiteRD "49"]
[BlackElo "1843"]
[BlackRD "76"]
[GameID "219664"]

1. e4 c5 2. Nf3 Nc6 3. d4 cxd4 4. Nxd4 g6 5. Nxc6 bxc6 6. Bd2 e5 7. c4 Bg7 8. b3 Nf6 9. Bd3 d5 10. Nc3 d4
11. Ne2 Nh5 12. Ng1 O-O 13. h3 f5 14. Nf3 f4 15. Qc2 c5 16. O-O-O Re8 17. Be1 Qb6 18. Qd2 a5 19. Bc2 Re7 20. Qd3 Rb7
21. Kd2 Bd7 22. Ke2 a4 23. Kf1 axb3 24. Bxb3 Rba7 25. Ra1 Ba4 26. Nd2 Bxb3 27. Qxb3 Qxb3 28. Nxb3 Rxa2 29. Rxa2 Rxa2 30. Nxc5 Rc2
31. Ne6 Rxc4 32. Nxg7 Nxg7 33. Ke2 Rc1 34. Rf1 Ne6 35. f3 Rc2+ 36. Bd2 Kf7 37. Kd3 Ra2 38. Rc1 Ke7 39. Rc2 Rxc2 40. Kxc2 Kd6
41. Bb4+ Kc6 42. Be1 Kb5 43. Kb2 Kc4 44. Kc2 Nc5 45. Bd2 Nxe4 46. fxe4 d3+ 47. Kd1 Kd4 48. Bc1 Kxe4 49. Ke1 h5 50. Kf2 Kf5
51. g3 g5 52. gxf4 gxf4 53. Kf3 e4+ 54. Kf2 Kg5 55. Kg2 e3
0-1

[Event "Sicilian Accelerated Dragon Tournament"]
[Site "SchemingMind.com"]
[Date "2009.09.14"]
[Round "-"]
[White "jtrochez1"]
[Black "saidone"]
[Result "1-0"]
[WhiteCountry "HON"]
[BlackCountry "ITA"]
[WhiteElo "1530"]
[WhiteRD "51"]
[BlackElo "1409"]
[BlackRD "72"]
[GameID "219665"]

1. e4 c5 2. Nf3 Nc6 3. d4 cxd4 4. Nxd4 g6 5. Nxc6 bxc6 6. Bd2 Bg7 7. Bc3 Nf6 8. Bxf6 Bxf6 9. c3 Qb6 10. Qc2 O-O
11. Be2 Ba6 12. Bxa6 Qxa6 13. Nd2 Rab8 14. Nb3 Rb6 15. Nc5 Qc8 16. O-O d6 17. Nb3 Qe6 18. Rae1 Rfb8 19. Rb1 c5 20. f4 c4
21. Nd2 Qc8 22. Nf3 Qc5+ 23. Kh1 Qe3 24. Nd2 Rc6 25. Rf3 Qb6 26. f5 Bg7 27. b4 cxb3 28. Rxb3 Qc7 29. Rxb8+ Qxb8 30. Nb3 Qc7
31. g4 Bxc3 32. fxg6 hxg6 33. Qg2 Be5 34. Rf2 a5 35. Qf3 f6 36. g5 Rc3 37. Qd1 a4 38. gxf6 Bxf6 39. Qd5+ Kg7 40. Nd4 Bxd4
41. Qxd4+ e5 42. Qxa4 Rc1+ 43. Kg2 Qc8 44. Qa7+ Kh8 45. h3
1-0

[Event "Sicilian Accelerated Dragon Tournament"]
[Site "SchemingMind.com"]
[Date "2009.09.16"]
[Round "-"]
[White "cnbcad"]
[Black "jtrochez1"]
[Result "0-1"]
[WhiteCountry "USA"]
[BlackCountry "HON"]
[WhiteElo "1411"]
[WhiteRD "55"]
[BlackElo "1610"]
[BlackRD "50"]
[GameID "219666"]

1. e4 c5 2. Nf3 Nc6 3. d4 cxd4 4. Nxd4 g6 5. f4 e6 6. Nf3 Bg7 7. Bb5 a6 8. Bxc6 bxc6 9. O-O d5 10. e5 Ne7
11. Be3 O-O 12. Nbd2 Nf5 13. Qe1 d4 14. Bf2 c5 15. Nh4 Ne3 16. Bxe3 dxe3 17. Ndf3 Bb7 18. Ng5 Qd2 19. Qg3 e2 20. Rfe1 Qxc2
21. Nhf3 Bxf3 22. gxf3 Qxb2 23. Qh4 h6 24. Ne4 Qd4+ 25. Kg2 Rfd8 26. Ng3 Kh7
0-1

[Event "Sicilian Accelerated Dragon Tournament"]
[Site "SchemingMind.com"]
[Date "2009.09.16"]
[Round "-"]
[White "XTC"]
[Black "jtrochez1"]
[Result "1-0"]
[WhiteCountry "COL"]
[BlackCountry "HON"]
[WhiteElo "1679"]
[WhiteRD "53"]
[BlackElo "1610"]
[BlackRD "50"]
[GameID "219667"]

1. e4 c5 2. Nf3 Nc6 3. d4 cxd4 4. Nxd4 g6 5. c4 e5 6. Nf3 Bg7 7. Be2 d6 8. O-O Nd4 9. Nxd4 exd4 10. Nd2 Ne7
11. Nf3 Qb6 12. b3 Nc6 13. Ba3 Nb4 14. Qd2 Na6 15. Rad1 O-O 16. Nxd4 Rd8 17. Nb5 Nc5 18. Bxc5 dxc5 19. Qg5 Be6 20. f4 f6
21. Qg3 Rxd1 22. Rxd1 Bf7 23. a3 Bf8 24. f5 g5 25. Kf1 a6 26. Nd6 Bxd6 27. Rxd6 Qc7 28. Rxf6 Qxg3 29. hxg3 Kg7 30. Rd6 Be8
31. f6+ Kf8 32. e5 Bc6 33. e6 Kg8 34. Bh5 h6 35. e7
1-0

[Event "Sicilian Accelerated Dragon Tournament"]
[Site "SchemingMind.com"]
[Date "2009.09.16"]
[Round "-"]
[White "echecs"]
[Black "jtrochez1"]
[Result "0-1"]
[WhiteCountry "ENG"]
[BlackCountry "HON"]
[WhiteElo "1824"]
[WhiteRD "60"]
[BlackElo "1610"]
[BlackRD "50"]
[GameID "219668"]

1. e4 c5 2. Nf3 Nc6 3. d4 cxd4 4. Nxd4 g6 5. c4 e5 6. Nxc6 bxc6 7. Nc3 Bg7 8. Be3 d6 9. Qd2 Be6 10. Rd1 Bf8
11. b3 Qc7 12. Be2 f5 13. f4 O-O-O 14. O-O Be7 15. a4 Nf6 16. exf5 gxf5 17. Bf3 e4 18. Be2 h5 19. Qb2 Ng4 20. Bxg4 hxg4
21. g3 a6 22. Ne2 Rh3 23. Kg2 Rdh8 24. Rh1 c5 25. Bg1 Kd7 26. Qc3 Kc8 27. Rc1 Qb7 28. Rc2 e3+ 29. Kf1 Qxh1 30. Qxe3 Kd7
31. Nc3 Rxh2 32. Rxh2 Rxh2 33. Nd5 Bxd5 34. cxd5 Qg2+ 35. Ke1 Rh6 36. Bf2 Qxd5 37. Qc3 Bf6 38. Qa5 Rh1+
0-1

[Event "Sicilian Accelerated Dragon Tournament"]
[Site "SchemingMind.com"]
[Date "2009.09.16"]
[Round "-"]
[White "chessleon"]
[Black "jtrochez1"]
[Result "1-0"]
[WhiteCountry "NED"]
[BlackCountry "HON"]
[WhiteElo "1511"]
[WhiteRD "81"]
[BlackElo "1538"]
[BlackRD "49"]
[GameID "219669"]

1. e4 c5 2. Nf3 Nc6 3. d4 cxd4 4. Nxd4 g6 5. c4 e5 6. Nb5 a6 7. Nd6+ Bxd6 8. Qxd6 Qe7 9. Qd1 d6 10. Nc3 Be6
11. Be3 Na7 12. Be2 Nf6 13. O-O O-O 14. Bh6 Rfd8 15. Bg5 Nc6 16. Nd5 Bxd5 17. cxd5 Nd4 18. Bd3 Rdc8 19. h4 Kg7 20. h5 b5
21. h6+ Kh8 22. f4 Kg8 23. fxe5 dxe5 24. Bxf6 Qd6 25. Qg4 Qb6 26. Kh2 Qd6 27. Bg5 Rf8 28. Rf6 Qb4 29. b3 Qc3 30. Rd1 Qb2
31. Rd2 Qc3 32. d6 Qc8 33. Qxc8 Raxc8 34. a4 Nxb3 35. Ra2 Nc5 36. Bc2 b4 37. Rb2 a5 38. Bb3 Nxe4 39. Bh4 Nxf6 40. Bxf6 e4
41. Re2 Rfe8 42. Be7 Rc3 43. Bd5
1-0

[Event "Sicilian Accelerated Dragon Tournament"]
[Site "SchemingMind.com"]
[Date "2009.09.19"]
[Round "-"]
[White "Schaakmaatje"]
[Black "jtrochez1"]
[Result "1-0"]
[WhiteCountry "NED"]
[BlackCountry "HON"]
[WhiteElo "1736"]
[WhiteRD "50"]
[BlackElo "1538"]
[BlackRD "49"]
[GameID "219670"]

1. e4 c5 2. Nf3 Nc6 3. d4 cxd4 4. Nxd4 g6 5. c4 e5 6. Nb5 d6 7. Be3 a6 8. N5a3 Nf6 9. f3 Bg7 10. Nc3 Be6
11. Nd5 Bxd5 12. cxd5 Ne7 13. Nc4 Nc8 14. a4 O-O 15. a5 Nd7 16. Be2 Qe7 17. O-O Rd8 18. Qb3 Qf8 19. Rac1 Rb8 20. Nb6 Ncxb6
21. axb6 Nxb6 22. Bxb6 Rd7 23. Rc7 Qe7 24. Rfc1 h5 25. Rxd7 Qxd7 26. Rc7 Qe8 27. Qc2 Kh7 28. g3 Bf6 29. Be3 Bd8 30. Rc8 Rxc8
31. Qxc8 Qe7 32. b4 Qd7 33. Qxd7
1-0

[Event "Sicilian Accelerated Dragon Tournament"]
[Site "SchemingMind.com"]
[Date "2009.09.18"]
[Round "-"]
[White "Black Knight"]
[Black "jtrochez1"]
[Result "0-1"]
[WhiteCountry "USA"]
[BlackCountry "HON"]
[WhiteElo "1406"]
[WhiteRD "70"]
[BlackElo "1610"]
[BlackRD "50"]
[GameID "219671"]

1. e4 c5 2. Nf3 Nc6 3. d4 cxd4 4. Nxd4 g6 5. Be2 e5 6. Nxc6 bxc6 7. Nc3 Bg7 8. O-O d6 9. Be3 Bh6 10. Bxh6 Nxh6
11. Qd2 Ng8
0-1

[Event "Sicilian Accelerated Dragon Tournament"]
[Site "SchemingMind.com"]
[Date "2009.09.18"]
[Round "-"]
[White "alvaro"]
[Black "jtrochez1"]
[Result "1-0"]
[WhiteCountry "URU"]
[BlackCountry "HON"]
[WhiteElo "1865"]
[WhiteRD "74"]
[BlackElo "1610"]
[BlackRD "50"]
[GameID "219672"]

1. e4 c5 2. Nf3 Nc6 3. d4 cxd4 4. Nxd4 g6 5. Be3 e5 6. Nf3 d6 7. Be2 Be6 8. O-O a6 9. Nc3 b5 10. a3 Be7
11. Qd2 h5 12. Rad1 Qb8 13. Ne1 Nf6 14. f3 Bc4 15. Kh1 Bxe2 16. Qxe2 O-O 17. g4 Qc8 18. Bg5 Kh7 19. Bxf6 Bxf6 20. gxh5 g5
21. Rxd6 Be7 22. Rd1 Bc5 23. Nd5 Nd4 24. Qg2 f6 25. Nd3 Ba7 26. c3 Ne6 27. Ne7 Qb7 28. Nf5 Rg8 29. Qg4 Nf4 30. Nd6 Qe7
31. Qf5+ Kh8 32. Nxf4 gxf4 33. Nf7+ Qxf7 34. Rd7 Rg5 35. Rxf7 Rxf5 36. exf5 Be3 37. Rxf6 Kg7 38. Re6 Kh7 39. Rd1 Rg8 40. Rg6 Rxg6
41. hxg6+ Kh6 42. h4 a5 43. h5 Bc5 44. f6
1-0

[Event "Sicilian Accelerated Dragon Tournament"]
[Site "SchemingMind.com"]
[Date "2009.09.16"]
[Round "-"]
[White "saidone"]
[Black "jtrochez1"]
[Result "1-0"]
[WhiteCountry "ITA"]
[BlackCountry "HON"]
[WhiteElo "1518"]
[WhiteRD "80"]
[BlackElo "1538"]
[BlackRD "49"]
[GameID "219673"]

1. e4 c5 2. Nf3 Nc6 3. d4 cxd4 4. Nxd4 g6 5. Be3 e5 6. Nb3 d6 7. Be2 Bg7 8. O-O Qc7 9. Nc3 Nge7 10. Nd5 Nxd5
11. Qxd5 Be6 12. Qd3 O-O 13. a3 Rad8 14. f3 d5 15. Nc5 d4 16. Bg5 Rd6 17. b4 Bc8 18. f4 b6 19. Na6 Bxa6 20. Qxa6 f6
21. Bh4 Kh8 22. Bc4 Nb8 23. Qa4 Qxc4 24. Qxa7 Qxc2 25. fxe5 Rd7 26. Qxb6 Qxe4 27. Bxf6 Qb7 28. Bxg7+ Kxg7 29. Qe6 Rxf1+ 30. Rxf1 Qc6
31. Qe8
1-0

[Event "Sicilian Accelerated Dragon Tournament"]
[Site "SchemingMind.com"]
[Date "2009.09.17"]
[Round "-"]
[White "MOIMOI"]
[Black "cnbcad"]
[Result "1-0"]
[WhiteCountry "POL"]
[BlackCountry "USA"]
[WhiteElo "1612"]
[WhiteRD "69"]
[BlackElo "1554"]
[BlackRD "64"]
[GameID "220107"]

1. e4 c5 2. Nf3 Nc6 3. d4 cxd4 4. Nxd4 g6 5. Nxc6 bxc6 6. Qf3 Qa5+ 7. c3 Bg7 8. Bc4 d5 9. exd5 Bb7 10. dxc6 Qe5+
11. Be3 Nf6 12. cxb7 Rb8 13. Qc6+ Nd7 14. Qc8+
1-0

[Event "Sicilian Accelerated Dragon Tournament"]
[Site "SchemingMind.com"]
[Date "2009.09.16"]
[Round "-"]
[White "MOIMOI"]
[Black "jtrochez1"]
[Result "1-0"]
[WhiteCountry "POL"]
[BlackCountry "HON"]
[WhiteElo "1575"]
[WhiteRD "53"]
[BlackElo "1538"]
[BlackRD "49"]
[GameID "220108"]

1. e4 c5 2. Nf3 Nc6 3. d4 cxd4 4. Nxd4 g6 5. Nxc6 bxc6 6. Qf3 e6 7. Nd2 Qf6 8. Qxf6 Nxf6 9. b3 e5 10. Bb2 d6
11. h3 Bg7 12. c4 c5 13. Bd3 Bb7 14. O-O O-O 15. f4 Rae8 16. f5 Nh5 17. fxg6 fxg6 18. Rxf8+ Rxf8 19. Nf3 Nf4 20. Bc2 Ne2+
21. Kf2 Nf4 22. Rf1 Bc8 23. Rd1 Rd8 24. Nxe5 Ne6 25. Nc6 Rd7 26. Bxg7 Kxg7 27. e5 dxe5 28. Rxd7+ Bxd7 29. Nxa7 Nd4 30. Bd1 Kf6
31. Bg4 Nf5 32. Nb5 Bc6 33. g3 h5 34. Bf3 Bxf3 35. Kxf3 Nd4+ 36. Ke4 g5 37. Nxd4 exd4 38. a4 g4 39. hxg4 hxg4 40. a5 Ke6
41. a6
1-0

[Event "Sicilian Accelerated Dragon Tournament"]
[Site "SchemingMind.com"]
[Date "2009.09.16"]
[Round "-"]
[White "MOIMOI"]
[Black "XTC"]
[Result "0-1"]
[WhiteCountry "POL"]
[BlackCountry "COL"]
[WhiteElo "1612"]
[WhiteRD "69"]
[BlackElo "1628"]
[BlackRD "56"]
[GameID "220109"]

1. e4 c5 2. Nf3 Nc6 3. d4 cxd4 4. Nxd4 g6 5. Nxc6 bxc6 6. Bc4 d6 7. Qf3 Be6 8. Bxe6 fxe6 9. O-O Bg7 10. e5 Qd7
11. exd6 exd6 12. c3 Nf6 13. Qh3 O-O 14. Bh6 Bxh6 15. Qxh6 Qg7 16. Qh3 Rfe8 17. Nd2 d5 18. Rae1 Qf7 19. Nf3 Ne4 20. Ne5 Qb7
21. Re2 Qb6 22. Qg4 Qc7 23. f4 Nf6 24. Qh3 Qd6 25. Qg3 Kg7 26. h4 Nh5 27. Qg5 Qe7 28. Nxc6 Qxg5 29. hxg5 Ng3 30. Ref2 Nxf1
31. Kxf1 a6 32. g4 Rac8 33. Ne5 Rf8 34. Nd7 Rfd8 35. Ne5 d4 36. cxd4 Rxd4 37. f5 exf5 38. gxf5 gxf5 39. Rxf5 Rf8 40. Rxf8 Kxf8
41. Nf3 Rd1+ 42. Ke2 Rb1 43. b3 Rb2+ 44. Nd2 Rxa2 45. Kd3 Kg7 46. Ke3 Kg6 47. Nf3 Ra3 48. Nd4 Kxg5 49. Ne6+ Kg4 50. Nd4 h5
51. Kf2 h4 52. b4 Rd3 53. Ne2 Rb3 54. b5 axb5 55. Nd4 Rb2+ 56. Ne2 b4 57. Kf1 b3 58. Nc3 Rc2
0-1

[Event "Sicilian Accelerated Dragon Tournament"]
[Site "SchemingMind.com"]
[Date "2009.09.16"]
[Round "-"]
[White "MOIMOI"]
[Black "echecs"]
[Result "1-0"]
[WhiteCountry "POL"]
[BlackCountry "ENG"]
[WhiteElo "1612"]
[WhiteRD "69"]
[BlackElo "1816"]
[BlackRD "58"]
[GameID "220110"]

1. e4 c5 2. Nf3 Nc6 3. d4 cxd4 4. Nxd4 g6 5. Nxc6 bxc6 6. Bc4 Bg7 7. Qf3 e6 8. O-O Qf6 9. Qxf6 Nxf6 10. f3 O-O
11. Nc3 d5 12. Bd3 Nd7 13. Bf4 e5 14. Bg3 d4 15. Ne2 c5 16. c4 Ba6 17. b3 Nb8 18. f4 exf4 19. Nxf4 Bb7 20. Nd5 Nd7
21. Bd6 Rfc8 22. Ne7+ Kh8 23. Nxc8 Rxc8 24. Rxf7 Bc6 25. a3 Kg8 26. Raf1 Re8 27. b4 cxb4 28. axb4 a6 29. b5 axb5 30. cxb5 Bxe4
31. Bxe4 Nb6 32. Bc6 Rd8 33. Bc7
1-0

[Event "Sicilian Accelerated Dragon Tournament"]
[Site "SchemingMind.com"]
[Date "2009.09.17"]
[Round "-"]
[White "MOIMOI"]
[Black "chessleon"]
[Result "1-0"]
[WhiteCountry "POL"]
[BlackCountry "NED"]
[WhiteElo "1612"]
[WhiteRD "69"]
[BlackElo "1472"]
[BlackRD "84"]
[GameID "220111"]

1. e4 c5 2. Nf3 Nc6 3. d4 cxd4 4. Nxd4 g6 5. Nxc6 bxc6 6. Qf3 Bg7 7. Bc4 e6 8. O-O Qb6 9. c3 d5 10. exd5 cxd5
11. Bb3 Ne7 12. Be3 Qc7 13. Na3 Ba6 14. Rfd1 Bb7 15. Ba4+ Bc6 16. Bxc6+ Qxc6 17. Rac1 Rc8 18. g4 O-O 19. h4 e5 20. c4 dxc4
21. Qxc6 Rxc6 22. Bxa7 e4 23. Nxc4 Rfc8 24. b3 Ra6 25. Rd7 Nc6 26. Be3 Nb4 27. Nd6 Rxc1+ 28. Bxc1 Rxa2 29. Rd8+ Bf8 30. Bh6
1-0

[Event "Sicilian Accelerated Dragon Tournament"]
[Site "SchemingMind.com"]
[Date "2009.09.21"]
[Round "-"]
[White "MOIMOI"]
[Black "Schaakmaatje"]
[Result "0-1"]
[WhiteCountry "POL"]
[BlackCountry "NED"]
[WhiteElo "1604"]
[WhiteRD "57"]
[BlackElo "1725"]
[BlackRD "50"]
[GameID "220112"]

1. e4 c5 2. Nf3 Nc6 3. d4 cxd4 4. Nxd4 g6 5. Nxc6 bxc6 6. Bc4 Bg7 7. Qf3 Nf6 8. e5 Nd5 9. Bxd5 cxd5 10. Qxd5 Rb8
11. O-O O-O 12. Nd2 Ba6 13. Re1 Rb5 14. Qd4 Qc7 15. Nc4 Rb4 16. b3 Bxc4 17. bxc4 Rxc4 18. Qd3 Rxc2 19. f4 d6 20. exd6 exd6
21. Rb1 Rc8 22. Qe3 Qc4 23. Bd2 Bd4
0-1

[Event "Sicilian Accelerated Dragon Tournament"]
[Site "SchemingMind.com"]
[Date "2009.09.17"]
[Round "-"]
[White "MOIMOI"]
[Black "Black Knight"]
[Result "1-0"]
[WhiteCountry "POL"]
[BlackCountry "USA"]
[WhiteElo "1604"]
[WhiteRD "57"]
[BlackElo "1406"]
[BlackRD "70"]
[GameID "220113"]

1. e4 c5 2. Nf3 Nc6 3. d4 cxd4 4. Nxd4 g6 5. Nxc6 bxc6 6. Qf3 Bg7 7. Bc4 e6 8. O-O d5 9. exd5 cxd5 10. Rd1 Qc7
11. Bb5+ Bd7 12. Bxd7+ Qxd7 13. c3 Ne7 14. c4 O-O 15. cxd5 exd5 16. Nc3 Bxc3 17. Qxc3 f6 18. Qf3
1-0

[Event "Sicilian Accelerated Dragon Tournament"]
[Site "SchemingMind.com"]
[Date "2009.09.17"]
[Round "-"]
[White "MOIMOI"]
[Black "alvaro"]
[Result "0-1"]
[WhiteCountry "POL"]
[BlackCountry "URU"]
[WhiteElo "1612"]
[WhiteRD "69"]
[BlackElo "1836"]
[BlackRD "71"]
[GameID "220114"]

1. e4 c5 2. Nf3 Nc6 3. d4 cxd4 4. Nxd4 g6 5. Nxc6 bxc6 6. Qf3 Bg7 7. Bc4 Nf6 8. e5 Qa5+ 9. Qc3 Qxc3+ 10. Nxc3 Ng8
11. Bf4 Nh6 12. h3 Nf5 13. Rd1 e6 14. O-O a5 15. Bd3 Ba6 16. Na4 Bxd3 17. cxd3 h6 18. Nc5 g5 19. Bh2 h5 20. Ne4 g4
21. Bf4 gxh3 22. g3 Nd4 23. Kh2 Nf3+ 24. Kxh3 Bxe5 25. Bxe5 Nxe5 26. f4 Ng4 27. Rf3 Ke7 28. f5 d5 29. Ng5 Kf6 30. Kh4 e5
31. Rc1 Rac8 32. Rc5 a4 33. Ra5 Rhg8 34. Nh7+ Kg7 35. Ng5 Kf6 36. Nh7+= Kg7 37. Ng5 Rc7 38. Rxa4 Kh6 39. Nh3 e4 40. dxe4 Ne5
41. Ng1 Nxf3+ 42. Nxf3 Rg4+ 43. Kh3 Rxe4 44. Ra8 Kg7 45. a4 d4 46. Rd8 c5 47. Rd6 d3 48. f6+ Kg6 49. Nh4+ Kg5 50. Nf3+ Kf5
51. Nh4+ Ke5 52. Rxd3 Rxa4 53. Rf3 Rb4 54. Rf2 Rcb7 55. Ng6+ fxg6 56. f7 Rxf7 57. Rxf7 Rxb2 58. Kh4 Rb4+ 59. Kh3 Rg4 60. Rf3 c4
61. Re3+ Kd4 62. Ra3 c3 63. Ra4+ Kd3 64. Rxg4 hxg4+ 65. Kh2 Ke2
0-1

[Event "Sicilian Accelerated Dragon Tournament"]
[Site "SchemingMind.com"]
[Date "2009.09.18"]
[Round "-"]
[White "MOIMOI"]
[Black "saidone"]
[Result "0-1"]
[WhiteCountry "POL"]
[BlackCountry "ITA"]
[WhiteElo "1575"]
[WhiteRD "53"]
[BlackElo "1518"]
[BlackRD "80"]
[GameID "220115"]

1. e4 c5 2. Nf3 Nc6 3. d4 cxd4 4. Nxd4 g6 5. Nxc6 bxc6 6. Qf3 Bg7 7. Bc4 e6 8. O-O Ne7 9. c3 d5 10. exd5 cxd5
11. Bg5 Rb8 12. Bb3 Qa5 13. Qf4 Ba6 14. Qxb8+ Nc8 15. Re1 O-O 16. Bc2 d4 17. b4 Qxg5 18. f4 Qh4 19. g3 Qh3 20. Qc7 dxc3
21. Na3 Bd4+ 22. Kh1 Bb6 23. Qe5 Bb7+ 24. Be4 Bxe4+ 25. Rxe4 Ne7 26. Qxc3 Nf5 27. Nb5 Bf2 28. Rg1 Rd8 29. g4 Rd3 30. Qc1 Bxg1
31. Kxg1 Nh4 32. Re2 Nf3+ 33. Kh1 Qxg4 34. Rf2 Nd4 35. Nxd4 Rd1+ 36. Qxd1 Qxd1+ 37. Kg2 Qxd4 38. Kg3 Qxb4 39. Kg4 h5+ 40. Kg5 Qc5+
0-1

[Event "Sicilian Accelerated Dragon Tournament"]
[Site "SchemingMind.com"]
[Date "2009.09.21"]
[Round "-"]
[White "cnbcad"]
[Black "MOIMOI"]
[Result "1-0"]
[WhiteCountry "USA"]
[BlackCountry "POL"]
[WhiteElo "1411"]
[WhiteRD "55"]
[BlackElo "1604"]
[BlackRD "57"]
[GameID "220116"]

1. e4 c5 2. Nf3 Nc6 3. d4 cxd4 4. Nxd4 g6 5. f4 Bg7 6. Nf3 d6 7. h3 a6 8. Bd3 Qb6 9. Qe2 Bxb2 10. Be3 Qd8
11. c3 Bxa1 12. O-O Na5 13. Bd4 Nc6 14. Bxh8 f6 15. e5 dxe5 16. fxe5 Kf7 17. exf6 exf6 18. Ng5+ Kf8 19. Nxh7+
1-0

[Event "Sicilian Accelerated Dragon Tournament"]
[Site "SchemingMind.com"]
[Date "2009.09.16"]
[Round "-"]
[White "jtrochez1"]
[Black "MOIMOI"]
[Result "0-1"]
[WhiteCountry "HON"]
[BlackCountry "POL"]
[WhiteElo "1538"]
[WhiteRD "49"]
[BlackElo "1575"]
[BlackRD "53"]
[GameID "220117"]

1. e4 c5 2. Nf3 Nc6 3. d4 cxd4 4. Nxd4 g6 5. Nxc6 bxc6 6. Nc3 Bg7 7. Bc4 e6 8. O-O Be5 9. Qd3 Qc7 10. h3 h6
11. f4 Bg7 12. Kh1 Nf6 13. Be3 d5 14. exd5 cxd5 15. Nb5 Qc6 16. Nd4 dxc4 17. Qe2 Qd5 18. c3 Ne4 19. Qf3 f5 20. Rad1 O-O
21. Ne2 Qc6 22. Nd4 Qa4 23. a3 Re8 24. Bf2 Nd6 25. Qc6 Qxc6 26. Nxc6 Ne4 27. Bh4 g5 28. fxg5 hxg5 29. Be1 f4 30. Rd8 Rxd8
31. Nxd8 Rb8 32. Nc6 Rxb2 33. Ne7+ Kf7 34. Nxc8 Rb1 35. Nxa7 Bxc3 36. Nc6 Bxe1 37. Ne5+ Ke8 38. Nxc4 Ng3+ 39. Kg1 Nxf1 40. Kxf1 e5
41. Nxe5 Bc3+
0-1

[Event "Sicilian Accelerated Dragon Tournament"]
[Site "SchemingMind.com"]
[Date "2009.09.21"]
[Round "-"]
[White "XTC"]
[Black "MOIMOI"]
[Result "0-1"]
[WhiteCountry "COL"]
[BlackCountry "POL"]
[WhiteElo "1628"]
[WhiteRD "56"]
[BlackElo "1612"]
[BlackRD "69"]
[GameID "220118"]

1. e4 c5 2. Nf3 Nc6 3. d4 cxd4 4. Nxd4 g6 5. c4 Bg7 6. Be3 Qa5+ 7. Nc3 Nf6 8. Nb3 Qd8 9. Be2 a6 10. O-O d6
11. Nd2 Be6 12. b3 h6 13. Rc1 O-O 14. f4 Bd7 15. Na4 e5 16. Nb6 Rb8 17. Nxd7 Qxd7 18. f5 g5 19. a3 Nd4 20. Bxd4 exd4
21. Bd3 Rbe8 22. Re1 Re7 23. g4 Rfe8 24. h3 Qc7 25. Qf3 Qc6 26. b4 Nd7 27. Nb3 Ne5 28. Qe2 Nxd3 29. Qxd3 Rxe4 30. Qd2 Rxe1+
31. Rxe1 Rxe1+ 32. Qxe1 Qxc4 33. Qe8+ Bf8 34. Na5 Qc1+ 35. Kf2 Qxa3 36. Nxb7 Qxb4 37. Nd8 Qd2+ 38. Kf1 Qf4+ 39. Ke2 Qh2+ 40. Kd1 Qg1+
41. Kd2 Qe3+ 42. Qxe3 dxe3+ 43. Kxe3 a5 44. Kd3 d5 45. Kc3 a4 46. Kb2 a3+ 47. Ka2 d4 48. Nc6 d3 49. Kb1 d2
0-1